000 01280nam a2200265 a 4500
001 1899980
003 OSt
005 20140823213003.0
008 850930s1983 arg spa
020 _a950-9079-19-7
040 _aDLC
_cBMC
_dDLC
082 _a346.01582
082 _a346.0282
100 1 _96817
_aBelluscio, Augusto César
245 1 0 _aResponsabilidad civil en el derecho de familia
_cAugusto César Belluscio, Eduardo A. Zannoni, Aída Kemelmajer de Carlucci
260 _aBuenos Aires
_bHammurabi
_c1983
300 _aXVI, 191 p.
_c24 cm
504 _aReferencias bibliográficas: p. [187]-191
505 0 _aContiene: Daños y perjuicios derivados del divorcio y de la anulación del matrimonio / Augusto César Belluscio. La indemnización dineraria de daños en forma de renta y su aplicación en el derecho de familia ; Responsabilidad civil por ruptura de la promesa de matrimonio y del concubinato / Eduardo A. Zannoni. Responsabilidad civil de los padres por los daños causados por sus hijos menores / Aída Kemelmajer de Carlucci.
650 2 4 _aDerecho de familia
_96816
_zArgentina
650 2 4 _aResponsabilidad civil
_96815
_zArgentina
700 1 _aKemelmajer de Carlucci, Aída
_96819
700 1 _96818
_aZannoni, Eduardo A.
942 _2ddc
_cBK
999 _c2921
_d2921